000 00329nam a2200133Ia 4500
008 191201s2008 xx 000 0 und d
082 _a004.22
_bHEC
100 _aHeuring, Vincent P
245 0 _aComputer Systems design and architecture
260 _aN.Delhi
_bpearson
_c2008
300 _a726
650 _aMCA
942 _2ddc
_cBK
999 _c3735
_d3735